000 01315nam2a2200253 4500
001 rc\3062226
005 20260315070611.0
035 _a(NLR Aleph) 007200838
090 _a13627400
_c13627400
100 _a20111014d1934 u y0rusy50 ca
101 0 _arus
102 _aRU
105 _ay z |||||
200 1 _aˆ...‰ Педпрактика по методике русского языка для заочников пединститутов
210 _d1934
215 _a19 с.
300 _aОбл., без тит. л.
300 _aСтеклогр. изд.
461 0 _1001rc\3062225
_12001#$aМетодические указания для заочников ...$fУпр. высш. школы НКП РСФСР. Науч.-метод. кабинет по заоч. обуч.$vВып. 75
_97628937
_aНаучно-методический кабинет по заочному обучению учителей (Москва)
_c[Москва]
_d1934
_fУпр. высш. школы НКП РСФСР. Науч.-метод. кабинет по заоч. обуч.
_nНаркомпрос РСФСР
_tМетодические указания для заочников ...
_vВып. 75
801 0 _aRU
_bNLR
_gpsbo
801 1 _aRU
_bELAR
_2rusmarc
852 _aNLR
_j34-20/282(75)
942 _cUNSPEC
980 _aNB